Central Library OPAC University of Rajshahi

Elites and society / (Record no. 47215)

MARC details
000 -LEADER
fixed length control field 00687nam a2200241 a 4500
001 - CONTROL NUMBER
control field 47215
003 - CONTROL NUMBER IDENTIFIER
rucl marc code BD-RjUL
005 - DATE AND TIME OF LATEST TRANSACTION
control field 20211209054258.0
008 - FIXED-LENGTH DATA ELEMENTS--GENERAL INFORMATION
fixed length control field 160807t19761965nyu b 000 0 eng
035 ## - SYSTEM CONTROL NUMBER
System control number (BD-RjUL)47334
040 ## - CATALOGING SOURCE
Original cataloging agency DLC
Transcribing agency ODaWU
Modifying agency DLC
Language of cataloging eng
041 ## - LANGUAGE CODE
Language code of text/sound track or separate title eng
082 ## - DEWEY DECIMAL CLASSIFICATION NUMBER
Classification number 305.52
Edition number 23
Author mark and year BOE 1976
100 1# - MAIN ENTRY--PERSONAL NAME
Personal name Bottomore, T. B
Dates associated with a name 1920-1992
9 (RLIN) 143762
245 10 - TITLE STATEMENT
Title Elites and society /
Statement of responsibility, etc. [by] T.B. Bottomore.
260 ## - PUBLICATION, DISTRIBUTION, ETC. (IMPRINT)
Place of publication, distribution, etc. New York :
Name of publisher, distributor, etc. penguin books,
Date of publication, distribution, etc. c1964 [reprint 1976]
300 ## - PHYSICAL DESCRIPTION
Pagination 160 p. ;
Size 22 cm.
504 ## - BIBLIOGRAPHY, ETC. NOTE
Bibliography, etc Bibliography: p. 144-151.
650 #0 - SUBJECT ADDED ENTRY--TOPICAL TERM
Topical term or geographic name as entry element Leadership.
9 (RLIN) 143763
Topical term or geographic name as entry element Elite (Social sciences)
9 (RLIN) 143764
942 ## - ADDED ENTRY ELEMENTS (KOHA)
Source of classification or shelving scheme Dewey Decimal Classification
Koha item type Books
Holdings
Lost status Source of classification or shelving scheme Damaged status Not for loan Collection code Permanent Location Current Location Shelving location Date acquired Source of acquisition Cost, normal purchase price Total Checkouts Full call number Date last seen Copy number Koha item type
  Dewey Decimal Classification     Non-fiction Central Library, University of Rajshahi Central Library, University of Rajshahi   09/05/1977 W. HEFFER SONS 6.00   305.52 BOE 1976 07/08/2016 C-2 Books